000
00256nam a2200109Ia 4500
008
190911s9999||||xx |||||||||||||| ||und||
100
_a
Schild, Herbert
245
0
_a
Artificial Intelligence using C
260
_a
USA
_b
CRC
_c
1987
300
_a
412
942
_c
BK
999
_c
6683
_d
6683